000 00367nam a2200145Ia 4500
008 230917s9999||||xx |||||||||||||| ||und||
040 _e145724
_aMAIN
041 _aEnglish
082 _a320.072 J714C
100 _aJones, E Terrence
245 0 _aConducting political research
260 _aNew York
_bHarper and Row
_c1971
300 _axii, 221 p.
942 _cBK
999 _c215719
_d215719